Advances in Optics Design and Precision Manufacturing Technologies: Selected, peer reviewed papers from the Asia Pacific Conference on Optics Manufacture 2007, 11-13 January 2007, Hong Kong, P. R. China

Detalhes bibliográficos
Outros Autores: Jin G. F. (редактор), Lee W. B., Cheung C. F.
Idioma:inglês
Publicado em: Stafa-Zurich, Trans Tech Publications LTD, 2008
Formato: MixedMaterials Livro
KOHA link:https://koha.lib.tpu.ru/cgi-bin/koha/opac-detail.pl?biblionumber=141030

MARC

LEADER 00000nam1a2200000 4500
001 141030
005 20231031142323.0
035 |a (RuTPU)RU\TPU\book\152814 
090 |a 141030 
100 |a 20080721d m y0engy50 ba 
101 0 |a eng 
102 |a CH 
200 1 |a Advances in Optics Design and Precision Manufacturing Technologies  |e Selected, peer reviewed papers from the Asia Pacific Conference on Optics Manufacture 2007, 11-13 January 2007, Hong Kong, P. R. China  |f edited by G. F. Jin, W. B. Lee, C. F. Cheung 
210 |a Stafa-Zurich  |c Trans Tech Publications LTD  |d 2008 
702 1 |a Jin  |b G. F.  |4 340 
702 1 |a Lee  |b W. B.  |4 340 
702 1 |a Cheung  |b C. F.  |4 340 
801 1 |a RU  |b 63413507  |c 20080721  |g PSBO 
942 |c BK